00878cam a22002771 4500001001300000003000400013005001700017008004100034010001700075035001800092040002000110042001200130050002200142051002400164100003700188245005100225260003000276300001100306410004400317650002400361700005100385700004800436740005000484740004900534999001700583gs 16000071 DLC20260227111319.0720329s1916 xx 000 0 eng  ags 16000071  a(OCoLC)272450 aDLCcODaWUdDLC apremarc00aQE75b.B9 no. 629 aTN880b.U6cCopy 2.1 aShaw, Eugene Wesley,d1881-1935.10aNatural gas resources of parts of north Texas. bGovt. Print. Off.,c1916. a129 p.20aGeological Survey (U.S.)tBulletinv629 0aNatural gaszTexas.1 aMatson, George Charlton,d1873-ejoint author.1 aWegemann, Carroll H.,d1879-ejoint author.0 aGas in the area north and west of Fort Worth.0 aGas prospects south and southeast of Dallas. c25627d25627